Country without "A" neither "E" - Statistics

General Stats
  • This quiz has been taken 75 times
  • The average score is 6 of 9
Answer Stats
Hint Pays % Correct
Togo
85%
Oceania Fiji
84%
Djibouti
78%
Europa Kosovo
70%
Morocco
67%
Congo
66%
Comoros
60%
Africa Burundi
58%
Cyprus
28%
No matching quizzes found
Score Distribution
Percent of People with Each Score
Percentile by Number Answered
Your Score History
You have not taken this quiz